Top 20 Fantasy Movies - Statistics

General Stats
  • This quiz has been taken 49 times
  • The average score is 11 of 20
Answer Stats
Hint Answer % Correct
A cowboy doll is profoundly threatened and jealous when a new spaceman action figure supplants him as top toy in a boy's bedroom. Toy Story. User Rating: 8.3/10 IMDb Rating: 76/250
85%
Luke Skywalker joins forces with a Jedi Knight, a cocky pilot, a Wookiee and two droids to save the galaxy from the Empire's world-destroying battle station, while also attempting to rescue Princess Leia from the mysterious Darth Vader. Star Wars: Episode IV - A New Hope.
User Rating: 8.6/10 IMDb Rating: 29/250
71%
After rescuing Han Solo from Jabba the Hutt, the Rebels attempt to destroy the second Death Star, while Luke struggles to help Darth Vader back from the dark side. Star Wars: Episode VI - Return of the Jedi. User Rating: 8.3/10 IMDb Rating: 93/250
71%
While Frodo and Sam edge closer to Mordor with the help of the shifty Gollum, the divided fellowship makes a stand against Sauron's new ally, Saruman, and his hordes of Isengard. The Lord of the Rings: The Two Towers.
User Rating: 8.8/10
IMDb Rating: 12/250
71%
After young Riley is uprooted from her Midwest life and moved to San Francisco, her emotions - Joy, Fear, Anger, Disgust and Sadness - conflict on how best to navigate a new city, house, and school. Inside Out. User Rating: 8.1/10 IMDb Rating: 168/250
68%
Aspiring musician Miguel, confronted with his family's ancestral ban on music, enters the Land of the Dead to find his great-great-grandfather, a legendary singer. Coco. User Rating: 8.4/10 IMDb Rating: 74/250
66%
After the Rebels are overpowered by the Empire, Luke Skywalker begins his Jedi training with Yoda, while his friends are pursued across the galaxy by Darth Vader and bounty hunter Boba Fett. Star Wars: Episode V - The Empire Strikes Back.
User Rating: 8.7/10 IMDb Rating: 15/250
66%
A meek Hobbit from the Shire and eight companions set out on a journey to destroy the powerful One Ring and save Middle-earth from the Dark Lord Sauron. The Lord of the Rings: The Fellowship of the Ring.
User Rating: 8.9/10 IMDb Rating: 9/250
66%
The toys are mistakenly delivered to a day-care center instead of the attic right before Andy leaves for college, and it's up to Woody to convince the other toys that they weren't abandoned and to return home. Toy Story 3.
User Rating: 8.3/10 IMDb Rating: 92/250
66%
Teen Miles Morales becomes the Spider-Man of his universe and must join with five spider-powered individuals from other dimensions to stop a threat for all realities. Spider-Man: Into the Spider-Verse. User Rating: 8.4/10 IMDb Rating: 64/250
63%
Gandalf and Aragorn lead the World of Men against Sauron's army to draw his gaze from Frodo and Sam as they approach Mount Doom with the One Ring. The Lord of the Rings: The Return of the King.
User Rating: 9/10 IMDb Rating: 7/250
63%
King Arthur and his Knights of the Round Table embark on a surreal, low-budget search for the Holy Grail, encountering many, very silly obstacles. Monty Python and the Holy Grail. User Rating: 8.2/10 IMDb Rating: 154/250
54%
A tale set on death row, where gentle giant John Coffey possesses the mysterious power to heal people's ailments. When the lead guard, Paul Edgecombe, recognizes John's gift, he tries to help stave off the condemned man's execution. The Green Mile.
User Rating: 8.6/10 IMDb Rating: 27/250
54%
An angel is sent from Heaven to help a desperately frustrated businessman by showing him what life would have been like if he had never existed. It’s a Wonderful Life. User Rating: 8.6/10 IMDb Rating: 20/250
44%
In the Falangist Spain of 1944, the bookish young stepdaughter of a sadistic army officer escapes into an eerie but captivating fantasy world. Pan’s Labyrinth. User Rating: 8.2/10 IMDb Rating: 146/250
44%
Miles Morales catapults across the multiverse, where he encounters a team of Spider-People charged with protecting its very existence. When the heroes clash on how to handle a new threat, Miles must redefine what it means to be a hero. Spider-Man: Across the Spider-Verse. User Rating: 8.6/10 IMDb Rating: 33/250
44%
When an unconfident young woman is cursed with an old body by a spiteful witch, her only chance of breaking the spell lies with a self-indulgent yet insecure young wizard and his companions in his legged, walking castle. Howl’s Moving Castle. User Rating: 8.2/10 IMDb Rating: 159/250
37%
On a journey to find the cure for a Tatarigami's curse, Ashitaka finds himself in the middle of a war between the forest gods and Tatara, a mining colony. In this quest he also meets San, the ______Hime. Princess Mononoke. User Rating: 8.3/10
IMDb Rating: 81/250
20%
During her family's move to the suburbs, a sullen 10-year-old girl wanders into a world ruled by gods, witches and spirits, a world where humans are changed into beasts. Spirited Away.
User Rating: 8.6/10 IMDb Rating: 31/250
20%
Two teenagers share a profound, magical connection upon discovering they are swapping bodies. Things manage to become even more complicated when the boy and girl decide to meet in person. Your Name.
User Rating: 8.3/10
IMDb Rating: 83/250
15%
No matching quizzes found
Score Distribution
Percent of People with Each Score
Percentile by Number Answered
Your Score History
You have not taken this quiz